ロード中...

Studies in developmental neurobiology /

書誌詳細
第一著者: Cowman, W. Maxwell
フォーマット: Printed Book
言語:English
出版事項: London : Oxford University Press, 1981.
主題:
LEADER 00524nam a2200145Ia 4500
008 160121b xxu||||| |||| 00| 0 eng d
020 |c PND 30 
082 |a 612.8  |2 23 
100 |a Cowman, W. Maxwell 
245 |a Studies in developmental neurobiology /  |c  W. Maxwell Cowman 
260 |a London :  |b Oxford University Press,  |c 1981. 
653 |a Nervous system 
942 |c BK 
999 |c 123093  |d 123093 
952 |0 0  |1 0  |4 0  |6 612_800000000000000_COW_S  |7 0  |9 136286  |a LIF  |b LIF  |c ST1  |d 2009-08-02  |i 901  |l 0  |o 612.8 COW/S  |p LIF901  |r 2009-08-02  |w 2009-08-02  |y BK